Teresa Raquin

Gorde:
Xehetasun bibliografikoak
Egile nagusia: Zola, Emilio
Formatua: Liburua
Hizkuntza:Undetermined
Argitaratua: Madrid, España EDAF 1965
Gaiak:
Etiketak: Etiketa erantsi
Etiketarik gabe, Izan zaitez lehena erregistro honi etiketa jartzen!

MARC

LEADER 00000nam a2200000Ia 4500
008 170316s9999 xx 000 0 und d
040 |a cru BVZT 
090 |a 840 z-1T 
100 |a Zola, Emilio 
245 |a Teresa Raquin 
260 |a Madrid, España 
260 |b EDAF 
260 |c 1965 
300 |a 245 páginas 
650 |a LITERATURA FRANCESA 
999 |c 8087  |d 8087 
942 |c 15 D  |h 840 z-1T  |2 z